|
|
|
|
| LEADER |
01320nam a2200385 a 4500 |
| 001 |
000537266 |
| 003 |
CZ BrMZK |
| 005 |
20090205113235.0 |
| 007 |
ta |
| 008 |
000115s2000 xr g f cze d |
| 015 |
|
|
|a cnb000977905
|
| 020 |
|
|
|a 80-7218-385-0
|
| 035 |
|
|
|a (OCoLC)85006575
|
| 040 |
|
|
|a BOA001
|b cze
|
| 072 |
|
7 |
|a 821-93
|x Literatura pro děti a mládež (beletrie)
|2 Konspekt
|9 26
|
| 072 |
|
7 |
|a 821.162.3-3
|x Česká próza
|2 Konspekt
|9 25
|
| 080 |
|
|
|a 821-93
|2 MRF
|
| 080 |
|
|
|a 821.162.3-31
|2 MRF
|
| 080 |
|
|
|a 903
|2 MRF
|
| 080 |
|
|
|a (0:82-31)
|2 MRF
|
| 100 |
1 |
|
|a Padych, Jan,
|d 1954-
|7 jn20010309160
|4 aut
|
| 245 |
1 |
0 |
|a Z pravěkých ság - Nesmrtelný /
|c Jan Padych
|
| 246 |
3 |
3 |
|a Nesmrtelný
|
| 250 |
|
|
|a Vyd. 1.
|
| 260 |
|
|
|a Frýdek-Místek :
|b Alpress,
|c 2000
|
| 300 |
|
|
|a 248 s. ;
|c 21 cm
|
| 490 |
1 |
|
|a Klokan (Alpress)
|
| 650 |
0 |
7 |
|a pravěk
|7 ph117254
|x dějiny
|2 czenas
|
| 655 |
|
7 |
|a české romány
|7 fd133974
|2 czenas
|
| 655 |
|
7 |
|a publikace pro mládež
|7 fd133157
|2 czenas
|
| 830 |
|
0 |
|a Klokan (Alpress)
|0 s
|
| 856 |
4 |
1 |
|u http://www.digitalniknihovna.cz/mzk/uuid/uuid:c3687090-f156-11e3-b72e-005056827e52
|y Digitalizovaný dokument
|x NDK
|
| 910 |
|
|
|a BOA001
|b 2-1078.276
|
| 990 |
|
|
|a BK
|
| 996 |
6 |
|
|b 2610123254
|c 2-1078.276
|l MZK
|r Sklad / do 1 hodiny
|n 4
|p p.v.
|w 000537266
|u 000010
|a 1
|e BOA001
|j MZK50
|s P
|